Cartes Pokémon - Extensions du bloc Soleil et Lune - Statistiques

Statistiques générales
  • Ce quiz a été pris 11 fois
  • Le résultat moyen est 11 sur 15
Statistiques - réponses
Date de sortie Extension % Correct
01 février 2019 Soleil et Lune Duo de Choc
100%
03 février 2017 Soleil et Lune
91%
01 novembre 2019 Soleil et Lune Éclipse Cosmique
91%
02 août 2019 Soleil et Lune Harmonie des Esprits
91%
19 août 2017 Soleil et Lune Ombres Ardentes
91%
05 mai 2017 Soleil et Lune Gardiens Ascendants
82%
04 novembre 2017 Soleil et Lune Invasion Carmin
73%
03 août 2018 Soleil et Lune Tempête Céleste
73%
23 août 2019 Destinées Occultes
64%
03 mai 2019 Soleil et Lune Alliance Infaillible
64%
02 février 2018 Soleil et Lune Ultra-Prisme
64%
06 octobre 2017 Légendes Brillantes
55%
07 septembre 2018 Majesté des Dragons
55%
04 mai 2018 Soleil et Lune Lumière Interdite
55%
02 novembre 2018 Soleil et Lune Tonnerre Perdu
45%
Aucun quiz correspondant
Distribution des résultats
% des personnes avec chaque résultat
Percentile par nombre de réponses
Votre historique - résultats
Vous n’avez pas pris ce quiz